00776nam a22002177a 450000500170000001000140001702000230003102000260005403500130008003700130009308200120010624501120011826000360023027000420026630000250030850000190033370000260035294200260037899900170040495201370042120100731134115.0 aENG-96994 a8125029915c345.00 a9788125029915c345.00 aEN-80527 bDBAD/PUB a601.954 aHealth,medicine and empire :bperspectives on colonial India /cedited by Biswamoy Pati [and] Mark Harrison aNew DelhibOrient Longmanc2006 a1/24 Asaf Ali RoadbNew Delhie110002 ax,408p.c22 cm (pbk) aIncludes index aHarrison , Mark93321 2ddccENh610.954mHEA c38416d38416 001040718NFICaDBADbDBADd2010-07-31eDBAD/PUBg345.00l0o610.954 HEApEN-80527r2010-07-31 00:00:00t1v345.00w2010-07-31yEN